Παγκόσμιος Χάρτης Χωρίς 12 Χώρες #2 - Statistics

General Stats
  • This quiz has been taken 26 times
  • The average score is 10 of 12
Answers on the Map
Answers color-coded by a green-red scale on the quiz's map according to % correct below.
 
Answer Stats
Χώρα % Correct
Αυστραλία
96%
Ελλάδα
91%
Πορτογαλία
91%
Βόρεια Κορέα
87%
Μαρόκο
87%
Αρμενία
83%
Βιετνάμ
83%
Παναμάς
83%
Γεωργία
78%
Μαλαισία
78%
Κούβα
74%
Ισλανδία
70%
No matching quizzes found
Score Distribution
Percent of People with Each Score
Percentile by Number Answered
Your Score History
You have not taken this quiz